书目信息 |
| 题名: |
300MW火电机组集控运行
|
|
| 作者: | ;华中电网有限公司培训中心 编 | |
| 分册: | ||
| 出版信息: | 北京 中国电力出版社 2005.02 |
|
| 页数: | 407页 | |
| 开本: | 26cm | |
| 丛书名: | ||
| 单 册: | ||
| 中图分类: | TM611 | |
| 科图分类: | ||
| 主题词: | 发电--各种 | |
| 电子资源: | ||
| ISBN: | 7-5083-2633-4 | |
| 000 | 00668nam0 2200193 450 | |
| 001 | 0738821031 | |
| 005 | 20070402104957.87 | |
| 010 | @a7-5083-2633-4@dCNY40.00 | |
| 100 | @a20070402d2005 km y0chiy0120 ea | |
| 101 | 0 | @achi |
| 102 | @aCN | |
| 200 | 1 | @a300MW火电机组集控运行@A300MW huo dian ji zu ji kong yun xing@f华中电网有限公司培训中心编@Fhua zhong dian wang you xian gong si pei xun zhong xin bian |
| 210 | @a北京@c中国电力出版社@d2005.02 | |
| 215 | @a407页@d26cm | |
| 606 | 0 | @a发电@x各种 |
| 690 | @aTM611@v3 | |
| 711 | 0 | @a华中电网有限公司培训中心@Ahua zhong dian wang you xian gong si pei xun zhong xin@4编 |
| 801 | 0 | @aCN@c20070402 |
| 905 | @a10447@dTM611@eH699 | |
| 300MW火电机组集控运行/华中电网有限公司培训中心编.-北京:中国电力出版社,2005.02 |
| 407页;26cm |
| ISBN 7-5083-2633-4:CNY40.00 |
| ● |
| 相关链接 |
|
|
|
正题名:300MW火电机组集控运行
索取号:TM611/H699
 
预约/预借
| 序号 | 登录号 | 条形码 | 馆藏地/架位号 | 状态 | 备注 |
| 1 | 448205 | 204482050 | 能源与建筑环境工程学院资料室/ [索取号:TM611/H699] | 在馆 |